| 000 | 00500nam a2200181Ia 4500 | ||
|---|---|---|---|
| 001 | 29953 | ||
| 003 | IN-NITTTR | ||
| 005 | 20251114233406.0 | ||
| 008 | 251113s9999||||xx |||||||||||||| ||eng|| | ||
| 040 | _beng | ||
| 040 | _cIN-NITTTR | ||
| 041 | _aeng | ||
| 082 | _a662.6 B11A | ||
| 100 | _aBabu, M. K. Gajendra | ||
| 245 | 0 |
_aAlternative transportation fuels : _b utilisation in combustion engines / _cBabu, M. K. Gajendra, Subramanian, K. A. |
|
| 700 | _a Subramanian, K. A. | ||
| 942 |
_2ddc _cBK |
||
| 999 |
_c32581 _d32581 |
||